Elektrostatika v technike = Electrostatica in technica

Guardado en:
Detalles Bibliográficos
Autores principales: Tanasescu, Fl (Autor), Cramariuc, R. (Autor)
Formato: Libro
Lenguaje:ruso
Publicado: Moskva : Energija, 1980
Etiquetas: Agregar Etiqueta
Sin Etiquetas, Sea el primero en etiquetar este registro!

MARC

LEADER 00000nam a22000003a 4500
001 stu93458
005 20150617225614.3
008 050318s1980------------------------rus-d
040 |a STU  |b slo 
041 0 |a rus 
080 |a 621.319 
100 1 |a Tanasescu, Fl.  |4 aut 
245 1 |a Elektrostatika v technike = Electrostatica in technica 
260 |a Moskva :  |b Energija,  |c 1980 
300 |a 295 s 
700 1 |a Cramariuc, R.  |4 aut 
996 |b E47834  |c E*47834  |l EE05  |s P  |a 0  |w stu93458_0001